Catálogo público

Estado que guarda el sector forestal en México 2022: (Record no. 219973)

MARC details
000 -CABECERA
campo de control de longitud fija 03450nam a2200325 4500
003 - IDENTIFICADOR DEL NÚMERO DE CONTROL
campo de control OSt
005 - FECHA Y HORA DE LA ÚLTIMA TRANSACCIÓN
campo de control 20251218093043.0
007 - CAMPO FIJO DE DESCRIPCIÓN FÍSICA--INFORMACIÓN GENERAL
campo de control de longitud fija cr ||||||a|c|a
008 - DATOS DE LONGITUD FIJA--INFORMACIÓN GENERAL
campo de control de longitud fija 240606s2023 mx adb|f |||| 001 0 spa d
020 ## - NÚMERO INTERNACIONAL ESTÁNDAR DEL LIBRO
Número Internacional Estándar del Libro 9786078383511 (impreso)
020 ## - NÚMERO INTERNACIONAL ESTÁNDAR DEL LIBRO
Número Internacional Estándar del Libro 9786078383528 (versión digital)
040 ## - FUENTE DE LA CATALOGACIÓN
Normas de descripción rda
Centro/agencia transcriptor CHAP
082 00 - NÚMERO DE LA CLASIFICACIÓN DECIMAL DEWEY
Número de clasificación 333.75150972
Número de documento/Ítem C73
245 00 - MENCIÓN DE TÍTULO
Título Estado que guarda el sector forestal en México 2022:
Resto del título bosques para el bienestar social y ambiental /
Mención de responsabilidad, etc. por CONAFOR (Comisión Nacional Forestal )
250 ## - MENCIÓN DE EDICIÓN
Mención de edición Primera edición
264 #1 - PRODUCCIÓN, PUBLICACIÓN, DISTRIBUCIÓN, FABRICACIÓN Y COPYRIGHT
Producción, publicación, distribución, fabricación y copyright México:
Nombre del de productor, editor, distribuidor, fabricante CONAFOR,
Fecha de producción, publicación, distribución, fabricación o copyright 2022.
300 ## - DESCRIPCIÓN FÍSICA
Extensión 492 páginas :
Otras características físicas Ilustraciones, cuadros, gráficas, mapas, tablas.
336 ## - TIPO DE CONTENIDO
Fuente rdacontent
Término de tipo de contenido texto
Código de tipo de contenido txt
337 ## - TIPO DE MEDIO
Fuente rdamedia
Nombre/término del tipo de medio sin medio
Código del tipo de medio n
338 ## - TIPO DE SOPORTE
Fuente rdacarrier
Nombre/término del tipo de soporte volumen
Código del tipo de soporte nc
505 ## - NOTA DE CONTENIDO CON FORMATO
Enlace También disponible en línea
520 ## - SUMARIO, ETC.
Sumario, etc. El presente documento es producto del trabajo colectivo del equipo de la CONAFOR, quienes, en los distintos ámbitos de su competencia han integrado, procesado e interpretado la información que aquí se presenta. A diferencia de ediciones anteriores, en este documento se ha buscado enfatizar en la gran cantidad de servicios ecosistémicos que brindan los recursos forestales de México, se reflexiona sobre los desafíos que los factores de disturbio representan para su preservación y también acerca de los mecanismos que el Gobierno de México ha instrumentado para lograr que nuestro país transite hacia un modelo de desarrollo forestal sostenible que tenga en cuenta las aspiraciones de las personas dueñas y poseedoras de los recursos forestales y también el potencial de uso de estos recursos. Si bien en la visión tradicional se considera que la biodiversidad solo se restringe a los recursos biológicos, en este libro reflexionamos sobre la importancia de integrar a la cultura como otro elemento. Los habitantes de los territorios forestales se vinculan a éstos en sus formas de uso, costumbres y en su vida cotidiana. De esta forma, los humanos tenemos una relación irreductible con los recursos naturales. Bajo estas consideraciones, en la CONAFOR se impulsan acciones de política pública que buscan integrar a las personas más desfavorecidas al territorio, incorporar a mujeres y jóvenes en proyectos productivos forestales, favorecer la gobernanza en los núcleos agrarios, fomentar la incorporación de predios al manejo forestal sostenible, en particular el manejo forestal comunitario, promover la educación, capacitación y transferencia de tecnología; instrumentar mecanismos para fortalecer la conservación, protección y restauración de ecosistemas forestales, desarrollar sistemas de gestión de la información que permitan la toma de decisiones basada en evidencia. Esperamos que el pueblo de México pueda encontrar en estas páginas información de utilidad que fortalezca su relación y aprecio por los recursos forestales de nuestro país, que reivindique las aspiraciones de quienes, a lo largo de la historia, han buscado que nuestra población ejerza su derecho legítimo al bienestar
650 #4 - PUNTO DE ACCESO ADICIONAL DE MATERIA--TÉRMINO DE MATERIA
9 (RLIN) 144702
Término de materia o nombre geográfico como elemento de entrada Bosques
Subdivisión general Preservación
650 #4 - PUNTO DE ACCESO ADICIONAL DE MATERIA--TÉRMINO DE MATERIA
9 (RLIN) 133223
Término de materia o nombre geográfico como elemento de entrada Cambio global del medio ambiente
650 #4 - PUNTO DE ACCESO ADICIONAL DE MATERIA--TÉRMINO DE MATERIA
9 (RLIN) 186121
Término de materia o nombre geográfico como elemento de entrada Cambio climático
Subdivisión general Política y gobierno
650 #2 - PUNTO DE ACCESO ADICIONAL DE MATERIA--TÉRMINO DE MATERIA
9 (RLIN) 132499
Término de materia o nombre geográfico como elemento de entrada Manejo de ecosistemas
710 1# - PUNTO DE ACCESO ADICIONAL--NOMBRE DE ENTIDAD CORPORATIVA
9 (RLIN) 25820
Nombre de entidad corporativa o nombre de jurisdicción como elemento de entrada Comisión Nacional Forestal. México
856 40 - LOCALIZACIÓN Y ACCESO ELECTRÓNICOS
Identificador Uniforme del Recurso <a href="http://10.13.5.2/libros/ISBN_978-607-8383-52-8.pdf">http://10.13.5.2/libros/ISBN_978-607-8383-52-8.pdf</a>
Nota pública DESCARGAR PDF
942 ## - ELEMENTOS DE PUNTO DE ACCESO ADICIONAL (KOHA)
Fuente del sistema de clasificación o colocación Dewey Decimal Classification
Tipo de ítem Koha Libro
Holdings
Estado de retiro Estado de pérdida Fuente del sistema de clasificación o colocación Estado dañado Restricciones de uso No para préstamo Código de colección Localización permanente Ubicación/localización actual Ubicación en estantería Fecha de adquisición Total de préstamos Signatura topográfica completa Código de barras En préstamo Fecha visto por última vez Fecha del último préstamo Precio válido a partir de Tipo de ítem Koha Nota pública
    Dewey Decimal Classification   Préstamo 15 días   General Biblioteca Central Biblioteca Central Planta alta - Colección General 06/06/2024 2 333.75150972 C73 33724002591086 06/05/2026 20/04/2026 20/04/2026 06/06/2024 Libro  
    Clasificación Universidad Autónoma de Chapingo   Préstamo interno   Libros Electrónicos Biblioteca Digital Biblioteca Digital En línea 18/12/2025         18/12/2025   18/12/2025 Libro Electrónico PDF